Central Library OPAC University of Rajshahi
Normal view MARC view

Entry Topical Term

Number of records used in: 2

001 - CONTROL NUMBER

  • control field: 7006

003 - CONTROL NUMBER IDENTIFIER

  • control field: BD-RjUL

005 - DATE AND TIME OF LATEST TRANSACTION

  • control field: 20230215143324.0

008 - FIXED-LENGTH DATA ELEMENTS

  • fixed length control field: 230215|| aca||aabn | a|a d

040 ## - CATALOGING SOURCE

  • Original cataloging agency: BD-RjUL
  • Transcribing agency: BD-RjUL

150 ## - HEADING--TOPICAL TERM

  • Topical term or geographic name entry element: Arabic Literature
  • Form subdivision: Poetry

670 ## - SOURCE DATA FOUND

  • Source citation: Work cat.: (BD-RjUL)81236: ديوان أمير المؤمنين علي بن أبي طالب رضى الله عنه وكرم الله وجهه diwan 'amir almuminin ealii bin 'abi talib radaa allah eanh wakaram allah wajhah /